000
00342 a2200157 4500
001
62458
020
_a
8572442162
040
_c
Anchieta - Pituba
100
_a
Costa, Paulo Segundo da
240
1
0
_a
Campo Santo
_l
por
245
1
0
_a
Campo Santo
300
_a
173
362
0
_a
2003
650
4
_a
Cerimônias / Ritos / Liturgia
942
_c
BK
999
_c
62458
_d
62458